Statistics for Главные герои произведений русской литературы

Click here to take the quiz!

General Stats

  • This quiz has been taken 4 times
  • The average score is 9 of 15

Answer Stats

ПроизведениеОсновной персонаж% Correct
РевизорИван Александрович Хлестаков
100%
Герой нашего времениГригорий Александрович Печорин
100%
Капитанская дочкаПётр Андреевич Гринёв
100%
Мёртвые душиПавел Иванович Чичиков
67%
Горе от умаАлександр Андреевич Чацкий
67%
Отцы и детиЕвгений Васильевич Базаров
67%
Преступление и наказаниеРодион Романович Раскольников
67%
Война и мирПьер Кириллович Безухов
67%
ШинельАкакий Акакиевич Башмачкин
67%
ИдиотЛев Николаевич Мышкин
33%
Generation "П"Вавилен Татарский
33%
Статский советникЭраст Петрович Фандорин
33%
Двенадцать стульевОстап Ибрагимович Бендер
33%
Собачье сердцеФилипп Филиппович Преображенский
33%
Вишнёвый садЛюбовь Андреевна Раневская
33%

Score Distribution

Percentile by Number Answered

Percent of People with Each Score

Your Score History

You have not taken this quiz